[Event "Amsterdam Science Park op-A 3rd"]
[Site "Amsterdam"]
[Date "2013.07.06"]
[Round "1"]
[White "Timmermans, Mark"]
[Black "Gravemaker, Wim Laurens"]
[Result "1-0"]
[WhiteElo "2270"]
[BlackElo "2096"]
[PlyCount "85"]
[EventDate "2013.07.06"]
[EventType "swiss"]
[EventRounds "9"]
[EventCountry "NED"]
[SourceTitle "CBM 155 Extra"]
[Source "ChessBase"]
[SourceDate "2013.08.26"]
[SourceVersion "1"]
[SourceVersionDate "2013.08.26"]
[SourceQuality "1"]

1. b4 a5 2. b5 e5 3. Bb2 d6 4. e3 Be7 5. c4 Nf6 6. Nf3 0-0 7. Be2 Nbd7 8. d4 e4 9. Nfd2 d5 10. Nc3 c6 11. a4 Re8 12. Qb3 Nb6 13. c5 Nbd7 14. 0-0 Nf8 15. f3 exf3 16. Nxf3 Bg4 17. Ne5 Bxe2 18. Nxe2 Ng6 19. bxc6 Nxe5 20. dxe5 Ne4 21. cxb7 Ra6 22. e6 fxe6 23. Be5 Nxc5 24. b8Q Nxb3 25. Qxb3 Rb6 26. Qc3 Rb4 27. Nd4 Rc4 28. Qe1 Bh4 29. Qe2 Qg5 30. Qf3 Rcc8 31. Qf7+ Kh8 32. Nf3 Qxe3+ 33. Kh1 Rg8 34. Bf4 Qe2 35. Nxh4 Rcf8 36. Qc7 d4 37. Qe5 d3 38. Qxe2 dxe2 39. Rf2 e5 40. Rf3 Rxf4 41. Ng6+ hxg6 42. Rh3+ Rh4 43. Rxh4# 1-0

[Event "Amsterdam Science Park op-A 1st"]
[Site "Amsterdam"]
[Date "2011.07.15"]
[Round "7"]
[White "Gravemaker, Wim Laurens"]
[Black "Theulings, Paul Peter"]
[Result "1/2-1/2"]
[WhiteElo "2047"]
[BlackElo "2120"]
[PlyCount "37"]
[EventDate "2011.07.09"]
[EventType "swiss"]
[EventRounds "9"]
[EventCountry "NED"]
[SourceTitle "CBM 143 Extra"]
[Source "ChessBase"]
[SourceDate "2011.08.29"]
[SourceVersion "1"]
[SourceVersionDate "2011.08.29"]
[SourceQuality "1"]

1. e4 Nf6 2. e5 Nd5 3. c4 Nb6 4. d4 d6 5. exd6 exd6 6. Nc3 Be7 7. Bd3 Nc6 8. Nge2 0-0 9. b3 Re8 10. 0-0 a5 11. h3 a4 12. Be3 Nb4 13. Bb1 axb3 14. Qxb3 Nc6 15. c5 Nd7 16. Rd1 Nf6 17. a4 Na5 18. Qb4 Be6 19. Ba2 1/2-1/2

[Event "Amsterdam Science Park op-A 1st"]
[Site "Amsterdam"]
[Date "2011.07.12"]
[Round "4"]
[White "Afek, Yochanan"]
[Black "Gravemaker, Wim Laurens"]
[Result "1-0"]
[WhiteElo "2298"]
[BlackElo "2047"]
[PlyCount "47"]
[EventDate "2011.07.09"]
[EventType "swiss"]
[EventRounds "9"]
[EventCountry "NED"]
[SourceTitle "CBM 143 Extra"]
[Source "ChessBase"]
[SourceDate "2011.08.29"]
[SourceVersion "1"]
[SourceVersionDate "2011.08.29"]
[SourceQuality "1"]

1. c4 e6 2. Nf3 d5 3. d4 c5 4. cxd5 exd5 5. Nc3 Nc6 6. g3 Bg4 7. Bg2 cxd4 8. Nxd4 Bb4 9. 0-0 Nge7 10. Nxc6 bxc6 11. Qd4 Bxc3 12. bxc3 Bf5 13. Qxg7 Rg8 14. Qe5 Qb8 15. Qd4 Qb5 16. Ba3 Ng6 17. e4 Be6 18. exd5 cxd5 19. Rfe1 Nf8 20. Qf6 Qd7 21. Bxd5 Rg6 22. Rxe6+ Qxe6 23. Bc6+ Qxc6 24. Qe7# 1-0